01563njm a2200301Ia 450000100060000000300090000600500170001500800410003204000130007304000130008610000110009910000180011010000380012824500520016625000110021826000130022926000180024230000100026050000270027050502760029751100580057365000540063170000910068570001220077670001470089870001130104570001030115823790IT-RoPAU20220918181207.0131025s9999 xx 000 0 und d aIT-RoPAU cIT-RoPAU aAA.VV. eAutore musica gCodice autore musica SPICS: 12000 aBallet Music From the Operas (Karajan)-Lp 35925 a1a ed. aNEW YORK bANGEL RECORDS aDISCO aMusica da ballo. Danza aAida-Ballet Music Act 2 (Verdi-Karajan) - Khovantschina: Dances of the Persian Slaves Act 4 - Prince Igor: Dance of the Polovtsian Maidens-Polovtsian Dances - La Gioconda: Dance of the Hours Act 3 (Ponchielli-Karajan) - Tannhauser: Venusberg Music, Act 1 (Wagner-Karajan) aPhilharmonia Orchestra diretta da Karajan Von Herbert aMUSICA DANZA [DISCHI]eCodice MATERIA SPICS: 9950 aVerdi GiuseppedCodice autore musica SPICS: 89eAutore musicapAida-Ballet Music Act 2 aMusorgskij ModestdCodice autore musica SPICS: 3431eAutore musicapKhovantschina: Dances of the Persian Slaves Act 4 aBorodin Alexandr PorfirievicdCodice autore musica SPICS: 10770eAutore musicapPrince Igor: Dance of the Polovtsian Maidens-Polovtsian Dances aPonchielli AmilcaredCodice autore musica SPICS: 13061eAutore musicapLa Gioconda: Dance of the Hours Act 3 aWagner RicharddCodice autore musica SPICS: 563eAutore musicapTannhauser: Venusberg Music, Act 1